| 000 | 00534nam a2200157Ia 4500 | ||
|---|---|---|---|
| 008 | 210716s2007 xx 000 0 und d | ||
| 020 | _a9780070635814 | ||
| 041 | _aeng | ||
| 082 | _a332.1 SAUA | ||
| 100 | _aSaunders, Anthony;Cornett, Marcia Millon. | ||
| 245 |
_aFinancial markets and institutions: an introduction to the risk management approach. _bIntroduction to the risk management approach. |
||
| 250 | _a3 | ||
| 260 |
_aNew Delhi _bTata McGraw Hill Publishing Company Ltd _c2007 |
||
| 300 | _axxiii,721 | ||
| 650 | _aFinance | ||
| 999 |
_c201993 _d201993 |
||